Представление документа в формате MARC21

Поле Инд. ПП Название Значение
Тип записи a
Библиографический уровень m
001 Контрольный номер d80c3934-c6d9-4b19-bce5-e0fe9faf36d9
005 Дата корректировки 20230331093514.7
008 Кодируемые данные 041105
020 a ISBN 5-16-001290-7
040 a Служба первич. каталог. НБ ТвГУ
041 0_ a Код языка текста rus
080 a Индекс УДК 316.354(075.8)
a Индекс УДК 316.354:351/354(075.8)
084 a Индекс другой классификации/Индекс ББК С55я73-1
a Индекс другой классификации/Индекс ББК С80я73-1
090 x Авторский знак Ш46
a Полочн. индекс С55
100 1_ a Автор Шеметов Петр Васильевич
245 10 a Заглавие Теория организации
b Продолж. заглавия курс лекций
c Ответственность П. В. Шеметов ; Новосиб. гос. акад. экономики и упр.
260 0_ a Место издания Москва
b Издательство ИНФРА-М
a Место издания Новосибирск
b Издательство Сибирское соглашение
c Дата издания 2004
300 a Объем 175,[1] с.
b Иллюстрации/ тип воспроизводства табл.
440 _0 a Серия Высшее образование
504 a Библиография Библиогр.: с.175-176.
650 04 a Основная рубрика Организации
x Основная подрубрика Теория
y Хронологическая подрубрика Управление
x Основная подрубрика Социология
y Хронологическая подрубрика Учебники для вузов
653 0_ a Ключевые слова Организации
a Ключевые слова Теория организации
a Ключевые слова Законы организации
a Ключевые слова Управление
a Ключевые слова Организация и управление
a Ключевые слова Социальное управление
a Ключевые слова Организационные структуры
a Ключевые слова Организационная культура
852 41 i Расстановочный признак Проверка 2023
920 a Оператор Семен
930 a Новая/Ретро учебники
952 c Вид литературы К ру
954 a Дата поступления на обработку 20041117
e Дата перешифровки 20230331